Green walls green roofs : designing sustainable architecture (Record no. 10085)

000 -LEADER
fixed length control field 00398nam a2200145Ia 4500
008 - FIXED-LENGTH DATA ELEMENTS--GENERAL INFORMATION
fixed length control field 220308s9999 xx 000 0 und d
020 ## - INTERNATIONAL STANDARD BOOK NUMBER
International Standard Book Number 9781864705522
082 ## - DEWEY DECIMAL CLASSIFICATION NUMBER
Classification number 635.9671
100 ## - MAIN ENTRY--PERSONAL NAME
Personal name by Gina Tsarouhas
245 #0 - TITLE STATEMENT
Title Green walls green roofs : designing sustainable architecture
260 ## - PUBLICATION, DISTRIBUTION, ETC. (IMPRINT)
Name of publisher, distributor, etc Images Publishing Group Pty Ltd (1 August 2014)
365 ## - TRADE PRICE
Price amount 50
365 ## - TRADE PRICE
Price type code USD
942 ## - ADDED ENTRY ELEMENTS (KOHA)
Source of classification or shelving scheme
Holdings
Withdrawn status Lost status Source of classification or shelving scheme Damaged status Koha normalized classification for sorting Not for loan Permanent location Current location Date acquired Source of acquisition Cost, normal purchase price Full call number Barcode Date last seen Cost, replacement price Price effective from Koha item type
        635_967100000000000   BMS College of Architecture, Design and Planning BMS College of Architecture, Design and Planning 2022-03-28 6 2754.50 635.9671 AR-UG2649 2022-04-04 3935.00 2022-04-04 UG Books
Copyright © 2025, The Librarian, Library and Information Centre, BMSCA D&P, Bengaluru. All Rights Reserved
web counter

Powered by Koha